000 00359nam a2200145Ia 4500
008 150201s2009 xx 000 0 und d
082 _a616.07
_bC09S
100 _aSOOD , RAMNIK
245 _aCINCISE BOOK OF MEDICAL LABORATORY TECHNOLOGY
250 _a1ST
260 _bJAYPEE
_aDELHI
_c2009
300 _a1-1139
650 _aPATHOLOGY
942 _2ddc
_cBK
_01
999 _c1342
_d1342